[Event "GER-ch U25"]
[Site "Oberhof"]
[Date "2010.05.26"]
[Round "6"]
[White "Senf, Paul"]
[Black "Erben, Katrin"]
[Result "1-0"]
[WhiteElo "1593"]
[BlackElo "1044"]
[PlyCount "69"]
[EventDate "2010.05.22"]
[EventType "swiss"]
[EventRounds "9"]
[EventCountry "GER"]
[SourceTitle "CBM 136 Extra"]
[Source "ChessBase"]
[SourceDate "2010.07.02"]
[SourceVersion "2"]
[SourceVersionDate "2010.07.15"]
[SourceQuality "1"]

1. e4 e5 2. Nf3 Nc6 3. d4 exd4 4. Nxd4 Bd6 5. Nc3 Nf6 6. Nf5 0-0 7. Nxd6 cxd6 8. Bg5 Qe7 9. Bc4 Qe5 10. f4 Qd4 11. Qxd4 Nxd4 12. 0-0-0 Ne6 13. Bxf6 gxf6 14. g3 b6 15. Rxd6 Kg7 16. Re1 Nc5 17. e5 fxe5 18. Rxe5 f6 19. Re7+ Kg6 20. f5+ Kxf5 21. Rxh7 Kg6 22. Rh4 Bb7 23. Rg4+ Kf5 24. Rf4+ Ke5 25. Rd1 f5 26. Re1+ Kd6 27. Rd4+ Kc7 28. Nb5+ Kb8 29. Nd6 Kc7 30. Nxb7 Kxb7 31. Bd5+ Kc7 32. Bxa8 Rxa8 33. Rf4 Rh8 34. Re2 Rh5 35. Ref2 1-0

[Event "GER-ch U25"]
[Site "Oberhof"]
[Date "2010.05.23"]
[Round "1"]
[White "Senf, Paul"]
[Black "Siebarth, Marco"]
[Result "1-0"]
[WhiteElo "1593"]
[BlackElo "2049"]
[PlyCount "72"]
[EventDate "2010.05.22"]
[EventType "swiss"]
[EventRounds "9"]
[EventCountry "GER"]
[SourceTitle "CBM 136 Extra"]
[Source "ChessBase"]
[SourceDate "2010.07.02"]
[SourceVersion "2"]
[SourceVersionDate "2010.07.15"]
[SourceQuality "1"]

1. e4 d5 2. exd5 Qxd5 3. Nc3 Qa5 4. d4 c6 5. Bd2 Nf6 6. Nf3 Bg4 7. Be2 e6 8. 0-0 Be7 9. Ne5 Bxe2 10. Qxe2 Qb6 11. Qd3 Nbd7 12. Nxd7 Nxd7 13. Be3 Qc7 14. Rad1 0-0-0 15. a3 f5 16. Qc4 Bd6 17. Qxe6 Bxh2+ 18. Kh1 Rhf8 19. f4 Rde8 20. Qc4 Rxe3 21. Kxh2 Nf6 22. Qc5 Ng4+ 23. Kg1 Rf6 24. d5 b6 25. Qc4 b5 26. Qc5 Re8 27. d6 Qd7 28. Rd3 Kb7 29. a4 a6 30. axb5 axb5 31. Ra1 Ra8 32. Rxa8 Kxa8 33. Ne2 Rf8 34. Ra3+ Kb8 35. Nd4 Rc8 36. Ra6 Nf6 1-0

[Event "GER-ch U12"]
[Site "Willingen"]
[Date "2009.06.06"]
[Round "11"]
[White "Senf, Paul"]
[Black "Manusina, Nicole"]
[Result "0-1"]
[WhiteElo "1330"]
[BlackElo "1685"]
[PlyCount "66"]
[EventDate "2009.05.30"]
[EventType "swiss"]
[EventRounds "11"]
[EventCountry "GER"]
[SourceTitle "EXT 2010"]
[Source "ChessBase"]
[SourceDate "2010.11.25"]
[SourceVersion "1"]
[SourceVersionDate "2010.11.25"]
[SourceQuality "1"]

1. e4 c6 2. d4 d5 3. e5 c5 4. dxc5 e6 5. Nf3 Bxc5 6. Nc3 Ne7 7. Bd3 Nbc6 8. 0-0 a6 9. Bd2 Qc7 10. Re1 0-0 11. Bf4 Ng6 12. Bg3 b5 13. Qd2 Bb7 14. h4 Nb4 15. Bf1 Ne7 16. a3 Nbc6 17. h5 Nf5 18. Qg5 Ncd4 19. Bd3 Nxf3+ 20. gxf3 Nxg3 21. Qxg3 f6 22. Qg4 f5 23. Qg2 Bd4 24. Nd1 Bxe5 25. Kh1 Rae8 26. Rg1 Qf7 27. Qh3 d4 28. b3 Qc7 29. Nb2 Qc6 30. Be2 Qxc2 31. h6 Qxe2 32. Rxg7+ Bxg7 33. Rg1 Bxf3+ 0-1

[Event "GER-ch U12"]
[Site "Willingen"]
[Date "2009.06.02"]
[Round "5"]
[White "Senf, Paul"]
[Black "Wendland, Tobias"]
[Result "1-0"]
[WhiteElo "1330"]
[BlackElo "1622"]
[PlyCount "139"]
[EventDate "2009.05.30"]
[EventType "swiss"]
[EventRounds "11"]
[EventCountry "GER"]
[SourceTitle "EXT 2010"]
[Source "ChessBase"]
[SourceDate "2010.11.25"]
[SourceVersion "1"]
[SourceVersionDate "2010.11.25"]
[SourceQuality "1"]

1. e4 e6 2. d4 d5 3. Nc3 Nf6 4. e5 Nfd7 5. f4 c5 6. Nce2 Nc6 7. c3 Be7 8. Nf3 0-0 9. g3 cxd4 10. cxd4 Bb4+ 11. Bd2 Be7 12. Bg2 f6 13. 0-0 Qb6 14. Bh3 Nb4 15. a3 Nd3 16. Qc2 Qb5 17. Bxe6+ Kh8 18. Nc3 Qa6 19. Bxd7 Bxd7 20. Nxd5 Rac8 21. Qd1 Bd8 22. Rb1 Bf5 23. Ra1 Nxb2 24. Qe1 Nc4 25. Rc1 Bg4 26. Ne3 Nxe3 27. Qxe3 Bb6 28. Kg2 Rcd8 29. e6 Bxf3+ 30. Qxf3 Rxd4 31. Bb4 Re8 32. e7 Qd3 33. Qxd3 Rxd3 34. Rfe1 Re3 35. Rxe3 Bxe3 36. Rc7 b5 37. Rd7 Bb6 38. Kf3 Kg8 39. f5 g6 40. g4 gxf5 41. gxf5 Kg7 42. Ke4 Kh6 43. Kd5 Kg5 44. Ke6 a5 45. Bd6 Bg1 46. Kf7 Rxe7+ 47. Rxe7 Kxf5 48. Re1 Bd4 49. Be7 Bb2 50. Rf1+ Kg4 51. Rb1 Bc3 52. Bxf6 b4 53. Bxc3 bxc3 54. Rc1 h5 55. Rxc3 h4 56. Ke6 Kf4 57. Kd6 Kg4 58. Kc5 a4 59. Kb4 Kf4 60. Kxa4 Kg4 61. Kb5 Kf4 62. a4 Kg4 63. a5 Kf4 64. a6 Kg4 65. a7 Kf4 66. Rc4+ Kf3 67. a8Q+ Kf2 68. Qa3 Ke2 69. Rc2+ Kd1 70. Qc1# 1-0

[Event "GER-ch U12"]
[Site "Willingen"]
[Date "2009.06.01"]
[Round "3"]
[White "Senf, Paul"]
[Black "Oehne, Timo"]
[Result "1-0"]
[WhiteElo "1330"]
[BlackElo "1551"]
[PlyCount "71"]
[EventDate "2009.05.30"]
[EventType "swiss"]
[EventRounds "11"]
[EventCountry "GER"]
[SourceTitle "EXT 2010"]
[Source "ChessBase"]
[SourceDate "2010.11.25"]
[SourceVersion "1"]
[SourceVersionDate "2010.11.25"]
[SourceQuality "1"]

1. e4 g6 2. d4 d6 3. Nc3 Bg7 4. Nf3 Nf6 5. Be3 Nbd7 6. Be2 0-0 7. Qd2 e5 8. 0-0-0 Ng4 9. h3 Nxe3 10. Qxe3 exd4 11. Nxd4 Qh4 12. g3 Qh6 13. Qxh6 Bxh6+ 14. Kb1 a6 15. g4 Re8 16. Rhf1 Nc5 17. Bd3 b5 18. Nd5 Bg7 19. Nxc7 Bxd4 20. Nxe8 Bxg4 21. hxg4 Rxe8 22. f3 Kf8 23. Bxb5 axb5 24. Rxd4 Rd8 25. Rfd1 Ke7 26. e5 Nb7 27. exd6+ Rxd6 28. Rxd6 Nxd6 29. c3 Ke6 30. Kc2 Nc4 31. Kb3 Kf6 32. Kb4 Nxb2 33. Rh1 Nd3+ 34. Kxb5 Ne5 35. c4 Nxf3 36. Rf1 1-0